Θεωρία κινήσεως τροχοφόρων οχημάτων

Αποθηκεύτηκε σε:
Λεπτομέρειες βιβλιογραφικής εγγραφής
Κύριος συγγραφέας: Demić, Miroslav
Άλλοι συγγραφείς: Σπέντζας, Κωνσταντίνος Ν.
Μορφή: Βιβλίο
Γλώσσα:Greek
Δημοσίευση: Αθήναι : ΕΜΠ, 2004.
Θέματα:
Ετικέτες: Προσθήκη ετικέτας
Δεν υπάρχουν, Καταχωρήστε ετικέτα πρώτοι!

MARC

LEADER 00000cam a2200000 i 4500
001 1/30115
008 060524s2004 gr | ||| |||| ||gre||
020 |a 960630101X 
035 |l 10084067 
040 |a GR-MyUa  |b gre  |e AACR2 
041 0 |a gre 
082 7 |a 629.2   |2 (22) 
100 1 |a Demić, Miroslav. 
245 1 0 |a Θεωρία κινήσεως τροχοφόρων οχημάτων /   |c Miroslav Demić, Κωνσταντίνος Ν. Σπέντζας.  
260 |a Αθήναι :   |b ΕΜΠ,   |c 2004.  
300 |a xiii, 260 σ. ;   |c 24 εκ. 
500 |a Άνω του τίτλου: Σειρά συγγραμμάτων του εργαστηρίου οχημάτων του Ε.Μ.Π. 
504 |a Περιλαμβάνει βιβλιογραφίες.  
650 0 |a Automobiles. 
700 1 |a Σπέντζας, Κωνσταντίνος Ν. 
852 |a INST  |b CHIOS  |e 20100914  |h 629.2 DEM  |p 005200031836  |q 005200031836  |t BK  |y 0 
852 |a INST  |b LEMNOS  |e 20100129  |h 629.2 DEM  |p 005600000322  |q 005600000322  |t BK  |y 0 
852 |a INST  |b SAMOS  |e 20091222  |h 629.2 DEM  |p 005300030974  |q 005300030974  |t BK  |y 0 
852 |a INST  |b SYROS  |e 20060524  |h 629.2 DEM  |p 005500004819  |q 005500004819  |t BK  |y 0 
852 |a INST  |b SYROS  |e 20060524  |h 629.2 DEM  |p 005500004823  |q 005500004823  |t BK  |y 0 
901 |a BIBL3-2009-3 
901 |a BIBL5-2006-2 
901 |a BIBL6-2010-1 
901 |a BIBL2-2010-2 
970 |a Κοντού  |b Παρασκευή  |z 24/05/2006